00707nam a2200181 i 450000100060000000300090000600500170001500700030003200800410003510000420007624501620011826000450028030000220032550200200034785200210036799900170038895201200040560443ES-MaACL20230906164231.0t|031104s1923 sp ||||1| spa d1 aEscudero de Juana, Benjamín.94770313aLa ortografía de Lebrija comparada con la de los siglos XV, XVI y XVIIb: contribución al estudio del romance español / cBenjamín Escudero de Juana. aMadrid : bClásica Española, c1923. a154 p. ; c24 cm. aTesis doctoral. aES-MaACLjF-9437 c60443d60443 00104070aATENEOMbATENEOMcSPP2d2008-01-17eSCl0oF-9437p1063394r2023-02-23 00:00:00w2023-02-23yMONOGRAFIA